000 01065nam a22002177a 4500
003 AM-YeHGA
040 _aAM-YeHGA
090 _c433062
005 20250618075111.0
008 190426b1884 ru ||||| |||| 00| 0 rus d
041 0 _arus
100 1 _aИзраилев, Аристарх Александрович
_d1817-1901
245 1 0 _aРостовские колокола и звоны :
_b(Чтение в Обществе любителей древней письменности 11-го мая 1884 г.) /
_cАристарха Израилева
260 _aСанкт-Петербург :
_b Тип. М. М. Стасюлевича,
_c1884
300 _aVI, 24 c.,
_b[3] л. цв. ил., нот.
650 1 4 _aИскусство
_95446
650 1 4 _aИскусствознание - Декоративно-прикладное искусство
650 1 4 _aВиды художественных изделий - Колокола - История колоколов
650 1 4 _aИскусствознание - Музыка
942 _2udc
_cBK
999 _c430506
_d430506